[Event "Quebec op"]
[Site "Montreal"]
[Date "1978.07.26"]
[Round "5"]
[White "Rousseau, Daniel"]
[Black "Saad, Rifki"]
[Result "0-1"]
[WhiteElo "1700"]
[BlackElo "1980"]
[PlyCount "68"]
[EventDate "1978.07.22"]
[EventType "swiss"]
[EventRounds "9"]
[EventCountry "CAN"]
[SourceTitle "EXT 2022"]
[Source "ChessBase"]
[SourceDate "2021.10.06"]
[SourceVersion "1"]
[SourceVersionDate "2021.10.06"]
[SourceQuality "1"]

1. e4 Nf6 2. e5 Nd5 3. c4 Nb6 4. d4 d6 5. exd6 cxd6 6. Be3 e6 7. Nf3 Be7 8. Be2 0-0 9. Nc3 Bd7 10. 0-0 Nc6 11. d5 Ne5 12. Nxe5 dxe5 13. d6 Bg5 14. Bxg5 Qxg5 15. c5 Bc6 16. Bf3 Nd7 17. Bxc6 bxc6 18. b4 a5 19. b5 Rfc8 20. Ne4 Qg6 21. Re1 f5 22. Qa4 cxb5 23. Qxb5 fxe4 24. c6 Nf6 25. Rac1 Nd5 26. d7 Rc7 27. Qxa5 Rxa5 28. d8Q+ Kf7 29. Red1 Raa7 30. Rb1 Qf6 31. Qb8 Rxa2 32. f3 Qg5 33. Rb2 Rxb2 34. Qxb2 exf3 0-1

[Event "Quebec op"]
[Site "Montreal"]
[Date "1978.07.22"]
[Round "1"]
[White "Desforges, Jean"]
[Black "Saad, Rifki"]
[Result "0-1"]
[WhiteElo "1612"]
[BlackElo "1980"]
[PlyCount "44"]
[EventDate "1978.07.22"]
[EventType "swiss"]
[EventRounds "9"]
[EventCountry "CAN"]
[SourceTitle "EXT 2022"]
[Source "ChessBase"]
[SourceDate "2021.10.06"]
[SourceVersion "1"]
[SourceVersionDate "2021.10.06"]
[SourceQuality "1"]

1. d4 Nc6 2. Nf3 g6 3. e4 Bg7 4. Bf4 Nf6 5. d5 Nh5 6. Be3 Bxb2 7. dxc6 Bxa1 8. c3 bxc6 9. Bc4 Rb8 10. Bb3 a5 11. Bd4 0-0 12. a4 Ba6 13. Qc2 Nf4 14. Ne5 Nxg2+ 15. Kd1 Rb7 16. Qd2 Rxb3 17. Qh6 Rxb1+ 18. Kc2 Rb2+ 19. Kc1 c5 20. Nc6 cxd4 21. Nxd8 Rxd8 22. cxd4 Rdb8 0-1